| 000 | 00959nas a2200313 4500 | ||
|---|---|---|---|
| 001 | BR2015006695 | ||
| 003 | BR-BrBNA | ||
| 005 | 20231205130059.0 | ||
| 007 | ta | ||
| 008 | 230509b bl.|||p| |||| 00| 00por d | ||
| 040 |
_aBR-BrBNA _bpor _cBiblioteca Nacional de Agricultura |
||
| 041 | _a(Pt) | ||
| 072 | _aL73 | ||
| 100 | 1 | _aLehmann, M. | |
| 100 | 1 | _aSchleder, D.D. | |
| 100 | 1 | _aJatobá, A. | |
| 100 | 1 | _aPerazzolo, L.M. | |
| 100 | 1 | _aVinatea, L. | |
| 245 | 1 | _aSuscetibilidade do camarão-branco do Pacífico à infecção com Vibrio alginolyticus em diferentes saturações de oxigênio | |
| 650 | _aCAMARÃO BRANCO | ||
| 650 | _aINFECÇÃO | ||
| 650 | _aSATURAÇÃO | ||
| 650 | _aOXIGÊNIO | ||
| 650 | _aMORTALIDADE ANIMAL | ||
| 650 | _aVIBRIOSE | ||
| 773 | 0 |
_tAgropecuária Catarinense (Brazil) _xISSN 0103-0779 _g(Aug-Dec 2015), v. 28(2) p. 67-70 _wBR2015006695 |
|
| 909 |
_a202311 _bLúcia _c55 _dLúcia Elande |
||
| 942 |
_2AGRIS _n0 _cANA |
||
| 999 |
_c247803 _d247803 |
||